| 000 | 00374nam a2200157Ia 4500 | ||
|---|---|---|---|
| 008 | 230917s9999||||xx |||||||||||||| ||und|| | ||
| 020 | _cPOU7.95 | ||
| 040 |
_e8631 _aMAIN |
||
| 041 | _aEnglish | ||
| 082 | _a327.116 H918S | ||
| 100 | _aHunter, Robert | ||
| 245 | 0 | _aSecurity in Europe | |
| 260 |
_aGreat Britain _bPaul Elek _c1972 |
||
| 300 | _axi, 281 p. | ||
| 942 | _cBK | ||
| 999 |
_c212470 _d212470 |
||